MDQL
is popping MORE tags! Check the
thread
!
Quizzes
Events
Quiz Creation
Community
Videos
Private Events
Remove Ads
Sign In
Join for FREE
Feedback
Dark Mode
Quiz Categories
Sports
Geography
Music
Movies
Television
Just For Fun
Miscellaneous
History
Literature
Language
Science
Gaming
Entertainment
Religion
Holiday
For Kids
Quiz Lab
Recent
Popular Today
Quiz Kudos Today
Editor Picks
Curator Picks
Quizzes by...
Day
Popularity
Type
Ratings
Length
Year
Community
Subscriptions
Recent Discussions
Orange Saloon
Badges
Playlists
Quests
Create
Leaderboards
Showdown
Live 5
Trivia Bingo
Activity
Puzzle Library
Sporcle Events
Private Events
Virtual Trivia
Globe League
Become a Host
Pub Owners
SporcleCon
Opinionation
Our Games
Videos
Blog
Mobile Apps
Partnerships
Remove Ads and Go Orange
Feedback
Gaming
Video Games
Board Games
Card Games
Pokémon
Mario
Nintendo
Minecraft
Console
Toys
Legend of Zelda
Gaming
Video Games
Board Games
Card Games
Pokémon
Mario
Nintendo
Minecraft
Console
Toys
Legend of Zelda
Random Quiz
Search Sporcle
×
Quiz Lab
Quiz Lab
Gaming
Clickable
Select answers by clicking on text or image buttons
Select answers by clicking on text or image buttons
Clickable
Best Score? Go Orange.
Mario & Sonic London Games Challenges Stats
Match the Challenges with their requirements
By
patrickshawkins
20m
60 Questions
16 Plays
16 Plays
16 Plays
Comments
Comments
Give Quiz Kudos
Give Quiz Kudos
-
- Ratings
hide this ad
Forced Order
Answers have to be entered in order
Answers have to be entered in order
Replay
Link that replays current quiz
Next Quiz
Link to next quiz in quiz playlist
You Got
0%
They Got
Avg Score
68%
Avg Friend Score
Upgrade to see
Score Distribution
Jump to the score distribution portion of the page
Score
0/60
Timer
20:00
0
Plays Today
% Correct
Aerial Dancer
81.3%
Hammer Pro
75%
Trampoline Master
75%
Ace Attacker
75%
Cloud Cleaver
75%
Seasoned Sailor
75%
Super Spinner
75%
Jackpot
75%
Long Road to the Top
75%
Veteran Athlete
68.8%
Jack of All Trades
68.8%
Medalist
68.8%
Gold Medalist
68.8%
Dream Medalist
68.8%
Record Holder
68.8%
Your Favorite
68.8%
Party Time
68.8%
Sprint King
68.8%
Hurdle Master
68.8%
Baton Master
68.8%
Long Jumper
68.8%
Flying Discus
68.8%
Rocket Javelin
68.8%
Master of the Bars
68.8%
Ribbon Illusionist
68.8%
Dolphin Swimmer
68.8%
Synchro Teammate
68.8%
Power Rower
68.8%
Equestrian Legend
68.8%
Stonewall Blocker
68.8%
% Correct
Super Smasher
68.8%
Power Kicker
68.8%
Master Marksman
68.8%
Perfect Rider
68.8%
Safe Landing
68.8%
Leapfrog Artist
68.8%
Veteran Rider
68.8%
Counterattack
68.8%
Fiercest Fencer
68.8%
Boss Bruiser
68.8%
Sticker Collector
68.8%
Trip Up Artist
68.8%
Item Hunter
68.8%
Darts Player
68.8%
Pipe Explorer
68.8%
Play with Mii!
68.8%
Team Mario
68.8%
Team Sonic
68.8%
Fashionista
68.8%
Music Lover
68.8%
Lucky Scratcher
68.8%
Booby Prize
68.8%
Outfit Customizer
68.8%
First Music Change
68.8%
Medal Collector
62.5%
Formidable Fencing
62.5%
Party Lover
62.5%
Champion
56.3%
London Lover
56.3%
London Party Champ
56.3%
Quiz Playlist
Details
Report
Send in Message
Add To Playlist
Clickable:
Select answers by clicking on text or image buttons
Forced Order:
Answers have to be entered in order
Last Updated: Mar 24, 2018
Quiz Scoreboard
CHALLENGE
Sign Up to Join the Scoreboard
Show All
Scores
Hide
Comments
May contain spoilers
Recently Published
Holiday 10x10 Sorting Gallery
by lukepisani3
Holiday
15m
Two Season TV Shows II
by 123Four
Television
10m
Image Sorting: Flags VI
by Barbecue
Geography
2m
More to Explore
Quiz From the Vault
Featured Blog Post
14 Easter Pick-up Lines to Find Eggs With
hide this ad
You Might Also Like...
Tags
Clickable Quiz
Mario Quiz
challenge
London
Requirement
sonic
Today's Top Quizzes in Gaming
Browse Gaming
hide this ad
Today's Top Quizzes in Clickable
Browse Clickable
Top Contributed Quizzes in Gaming
1
League of Legends Pro Players by Career/Team History
2
Genshin Impact Logic Puzzle
3
Destiny 2 exotic weapons by perk icons
4
Genshin Impact Logic Puzzle Quiz
5
Genshin murder mystery
6
4x4 Decades: Video Games
7
Who's on the WWE 2K24 Cover?
8
Ultimate Genshin Impact Logic Puzzle (up to 4.3)
9
Dead By Daylight Logic Puzzle
10
Undertale Logic Puzzle
Explore More
Trending Topics
Crossword
Kpop
Anime
Harry Potter
Disney
Marvel
NBA
WWE
The Office
Country
NFL
Pokémon
Soccer
Song
Puzzle
hide this ad
More By:
patrickshawkins
Quiz
Plays
Rating
Category
Featured
Created
SPORCLE Pokémon
18,427
4.79
Gaming
Apr 23, 2017
Pokémon Dual Type Combinations
2,520
4.29
Gaming
Jul 18, 2016
List of Power Rangers
2,336
5.00
Television
Jan 19, 2017
Power Rangers Villains
1,374
Television
Mar 10, 2017
Pokémon Move Endings
1,110
3.00
Gaming
May 12, 2016
Go to Creator's Profile
Score Distribution
Quiz Creator Spotlight
patrickshawkins
Follow
Send a Message
Quizzes Created
-
Created Quiz Play Count
-
More By This Creator
Popular Quizzes Today
1
Find the US States - No Outlines Minefield
2
Colored Red Africa Blitz
3
Find the 'City' Movie
4
The Countries of the World
5
5x2 Blitz: Bands
6
Find the US States
7
Find the Countries of Europe - No Outlines Minefield
8
US States
More Gaming Quizzes
Alphabet Connections in Games
Published
Trending Quizzes
Colored Red Europe Blitz I
Colored Red Europe Blitz II
Colored Red Africa Blitz II
Colored Red Europe Blitz III
Colored Red Africa Blitz III
Recently Updated
Odd Team Out - Big 4 Players
pecheneg
Quick Pick: 20 Twenties
pecheneg
March Madness Men's Triple Doubles
pecheneg
How Do You Spell That?
pecheneg
Godzilla Movies
pecheneg
Grab Bag: 4-10 Letters
pecheneg
2024 March Madness Bracket
pecheneg
Famous TV Couples
Peacemaker
Champions League XIs: Real Madrid
pecheneg
Largest US Cities 1790-2010
pecheneg
Trending Topics
Crossword
NBA
Anime
Marvel
Harry Potter
Kpop
Disney
Soccer
Puzzle
Pokémon
WWE
Song
The Office
NFL
Country
Your Account Isn't Verified!
In order to create a playlist on Sporcle, you need to verify the email address you used during registration. Go to your
Sporcle Settings
to finish the process.
Report this User
Report this user for behavior that violates our
Community Guidelines
.
Details:
Send Report
Go to the Sporcle.com Mobile Site →
Comments